International Conference on Differential Equations : (Record no. 6313)
[ view plain ]
| 000 -LEADER | |
|---|---|
| fixed length control field | 00917pam a2200265 i 4500 |
| 001 - CONTROL NUMBER | |
| control field | 6313 |
| 003 - CONTROL NUMBER IDENTIFIER | |
| rucl marc code | BD-RjUL |
| 005 - DATE AND TIME OF LATEST TRANSACTION | |
| control field | 20211208234225.0 |
| 008 - FIXED-LENGTH DATA ELEMENTS--GENERAL INFORMATION | |
| fixed length control field | 140109s1975 nyu b 100 0 eng |
| 020 ## - INTERNATIONAL STANDARD BOOK NUMBER | |
| International Standard Book Number | 0120596504 |
| 035 ## - SYSTEM CONTROL NUMBER | |
| System control number | (BD-RjUL)6353 |
| 040 ## - CATALOGING SOURCE | |
| Original cataloging agency | DLC |
| Transcribing agency | DLC |
| Modifying agency | DLC |
| -- | BD-RjUL |
| Language of cataloging | eng |
| 041 ## - LANGUAGE CODE | |
| Language code of text/sound track or separate title | eng |
| 082 00 - DEWEY DECIMAL CLASSIFICATION NUMBER | |
| Classification number | 515.35 |
| Author mark and year | INI 1975 |
| 111 2# - MAIN ENTRY--MEETING NAME | |
| Meeting name or jurisdiction name as entry element | International Conference on Differential Equations, |
| Location of meeting | University of Southern California, |
| Date of meeting | 1974. |
| 9 (RLIN) | 19875 |
| 245 10 - TITLE STATEMENT | |
| Title | International Conference on Differential Equations : |
| Remainder of title | [proceedings] / |
| Statement of responsibility, etc. | edited by H. A. Antosiewicz. |
| 260 ## - PUBLICATION, DISTRIBUTION, ETC. (IMPRINT) | |
| Place of publication, distribution, etc. | New York : |
| Name of publisher, distributor, etc. | Academic Press, |
| Date of publication, distribution, etc. | c1975. |
| 300 ## - PHYSICAL DESCRIPTION | |
| Pagination | xix, 834 p. ; |
| Size | 24 cm. |
| 504 ## - BIBLIOGRAPHY, ETC. NOTE | |
| Bibliography, etc | Includes bibliographical references. |
| 650 #0 - SUBJECT ADDED ENTRY--TOPICAL TERM | |
| Topical term or geographic name as entry element | Differential equations |
| General subdivision | Congresses. |
| 9 (RLIN) | 19876 |
| 700 1# - ADDED ENTRY--PERSONAL NAME | |
| Personal name | Antosiewicz, Henry A. |
| Fuller form of name | (Henry Albert), |
| Dates associated with a name | 1925-2004. |
| 942 ## - ADDED ENTRY ELEMENTS (KOHA) | |
| Source of classification or shelving scheme | Dewey Decimal Classification |
| Koha item type | Books |
| Lost status | Source of classification or shelving scheme | Damaged status | Not for loan | Collection code | Permanent Location | Current Location | Shelving location | Date acquired | Source of acquisition | Cost, normal purchase price | Total Checkouts | Full call number | Date last seen | Copy number | Koha item type |
|---|---|---|---|---|---|---|---|---|---|---|---|---|---|---|---|
| Dewey Decimal Classification | Not For Loan | Non-fiction | Central Library, University of Rajshahi | Central Library, University of Rajshahi | 09/05/1977 | W. Heffer and sons | 16.15 | 515.35 INI 1975 | 09/01/2014 | C-1 | Books |